Never Repeat Answers - Sudden Death - Statistics

General Stats
  • This quiz has been taken 187 times
  • The average score is 8 of 15
Answer Stats
Hint Answer % Correct
According to legend, what fell on Isaac Newton’s head? Apple
99%
What chemical element has the symbol Au? Gold
78%
In the species name tyrannosaurus Rex, what does Rex mean? King
71%
What’s the surname of the first person to walk on the moon? Armstrong
63%
Who was born in Corsica and died in St. Helena? Napoleon
55%
What is the premium membership for Amazon called? Prime
50%
Who was the Queen of the British Empire through most of the 1800s? Victoria
50%
What city is also known as the City of Lights? Paris
47%
In what country could you find a region called Batman? Turkey
47%
What Greek letter is shaped like a triangle? Delta
46%
In what movie does Humphrey Bogart say, “Here’s looking at you, kid.”? Casablanca
44%
Jean-Paul Marat was stabbed while he was taking a… Bath
38%
What ethnicity were the immigrants that gave rise to the Boers? Dutch
38%
What American state has a major city called Vancouver? Washington
34%
What evil corporation created zombies in the Resident Evil series? Umbrella
27%
No matching quizzes found
Score Distribution
Percent of People with Each Score
Percentile by Number Answered
Your Score History
You have not taken this quiz